Deutschland: Geografie mit U - Statistiken

Allgemein
  • Dieses Quiz wurde 493 mal gespielt
  • Das Durchschnittsergebnis liegt bei 8 aus 10
Antwortstatistiken
Hinweis Antwort % Korrekt
Das Münster dieser Stadt an der Donau hat den höchsten Kirchturm der Welt Ulm
97%
Erstmals in Deutschland nahm ein Verkehrsmittel dieser Art 1902 in Berlin den Betrieb auf U-Bahn
96%
Große Ostseeinsel, die sich Deutschland mit Polen teilt Usedom
93%
Zu den größten Einrichtungen dieser Art in Deutschland gehören die Ludwig-Maximilians-___________ München und die Ruhr-___________ Bochum Universität
87%
In Deutschland gibt es derzeit 52 von dieser Organisation anerkannte Welterbestätten UNESCO
81%
Kreisstadt im östlichen Ruhrgebiet mit dem KFZ-Kennzeichen "UN" Unna
78%
Südlich von München gelegene Gemeinde, deren Fußballverein zwei Jahre lang in der 1. Bundesliga spielte Unterhaching
73%
Historische Landschaft in Nordostdeutschland, die auch als Heimat von Angela Merkel bekannt ist Uckermark
70%
Der Bahnhof dieser Stadt am Rand der Lüneburger Heide wurde vom Künstler Friedensreich Hundertwasser gestaltet Uelzen
45%
Fluss, der zusammen mit der Saale das nördlichste deutsche Weinbaugebiet bildet Unstrut
42%
Keine übereinstimmenden Quizze gefunden
Verteilung der Resultate
Anzahl Personen mit jedem Resultat
Perzentil nach korrekt beantworteten Fragen
Ihre Resultats-Entwicklung
Sie haben dieses Quiz noch nicht gespielt